Reglamento para el régimen y gobierno de la Cárcel de Barcelona
Descripción Física:
38 p., [1] f. plegat ; 25 cm
MARC
| LEADER | 00000nam a2200000Ia 4500 | ||
|---|---|---|---|
| 001 | 19433 | ||
| 008 | 160829s1879 xx 000 0 cat d | ||
| 080 | |a 2553, exp. 3 | ||
| 100 | |a Presó de Barcelona |9 43605 | ||
| 245 | |a Reglamento para el régimen y gobierno de la Cárcel de Barcelona | ||
| 260 | |a Barcelona : |b Imprenta de Jaime Jepús Roviralta, |c 1879 | ||
| 300 | |a 38 p., [1] f. plegat ; |c 25 cm | ||
| 650 | |a Presons |x Barcelona |9 39958 | ||
| 650 | |a Presó de Barcelona |x Reglaments i procediments |9 43606 | ||
| 901 | |a Arxiu | ||
| 942 | |n 1 | ||
| 952 | |0 0 |1 0 |4 0 |6 2553_EXP_3 |7 1 |9 51528 |a Arxiu |b Arxiu |d 2016-12-01 |l 0 |o 2553, exp. 3 |p 19433 |r 2016-12-01 00:00:00 |w 2016-12-01 |y ARXIU | ||
| 999 | |c 55373 |d 55373 | ||